| 000 | 00550nam a2200193Ii 4500 | ||
|---|---|---|---|
| 003 | JO-AjNU | ||
| 008 | 230606s9999||||xx |||||||||||||| ||und|| | ||
| 040 |
_aJO-AjNU _beng _erda _cJO-AjNU |
||
| 041 | _aeng | ||
| 050 | 1 | 4 | _aPS3529. N5.M736 1964 |
| 100 | 3 |
_aO’Neill , Eugene , _eauthor _95451 |
|
| 245 | 0 | 0 | _aMore Stately Mansions : A New play |
| 250 | _a1 ed | ||
| 264 | 3 | 1 | _aLondon: Yala University Press , 1964 |
| 300 | _a194p | ||
| 336 |
_atext _btxt _2rdacontent |
||
| 337 |
_aunmediated _bn _2rdamedia |
||
| 338 |
_avolume _bnc _2rdacarrier |
||
| 999 |
_aE2817 _c2815 _d2815 |
||